Проектирование инженерного образования: учебное пособие
| Prif Awdur: | |
|---|---|
| Awdur Corfforaethol: | |
| Crynodeb: | Заглавие с титульного экрана Электронная версия печатной публикации Учебное пособие предназначено для слушателей программы дополнительного образования, получающих квалификацию "Преподаватель высшей школы", а также может быть использовано при повышении квалификации преподавателей образовательных организаций, проектирующих и реализующих программы высшего образования по техническим направлениям и специальностям. Режим доступа: из корпоративной сети ТПУ |
| Iaith: | Rwseg |
| Cyhoeddwyd: |
Томск, Изд-во ТПУ, 2014
|
| Pynciau: | |
| Mynediad Ar-lein: | http://www.lib.tpu.ru/fulltext2/m/2015/m115.pdf |
| Fformat: | MixedMaterials Electronig Llyfr |
| KOHA link: | https://koha.lib.tpu.ru/cgi-bin/koha/opac-detail.pl?biblionumber=289610 |
MARC
| LEADER | 00000nlm0a2200000 4500 | ||
|---|---|---|---|
| 001 | 289610 | ||
| 005 | 20231102000214.0 | ||
| 035 | |a (RuTPU)RU\TPU\book\314121 | ||
| 035 | |a RU\TPU\book\314113 | ||
| 090 | |a 289610 | ||
| 100 | |a 20150402d2014 m y0rusy50 ca | ||
| 101 | 0 | |a rus | |
| 102 | |a RU | ||
| 105 | |a a j 001zy | ||
| 135 | |a drcn ---uucaa | ||
| 181 | 0 | |a i | |
| 182 | 0 | |a b | |
| 200 | 1 | |a Проектирование инженерного образования |b Электронный ресурс |e учебное пособие |f А. И. Чучалин |g Национальный исследовательский Томский политехнический университет (ТПУ) | |
| 203 | |a Текст |c электронный | ||
| 210 | |a Томск |c Изд-во ТПУ |d 2014 | ||
| 230 | |a 1 компьютерный файл (pdf; 1.5 MB) | ||
| 300 | |a Заглавие с титульного экрана | ||
| 300 | |a Электронная версия печатной публикации | ||
| 330 | |a Учебное пособие предназначено для слушателей программы дополнительного образования, получающих квалификацию "Преподаватель высшей школы", а также может быть использовано при повышении квалификации преподавателей образовательных организаций, проектирующих и реализующих программы высшего образования по техническим направлениям и специальностям. | ||
| 333 | |a Режим доступа: из корпоративной сети ТПУ | ||
| 337 | |a Adobe Reader | ||
| 606 | 1 | |a Инженерное образование |x Организация |x Модернизация |y Россия |2 stltpush |3 (RuTPU)RU\TPU\subj\67487 |9 83263 | |
| 610 | 1 | |a электронный ресурс | |
| 610 | 1 | |a учебные пособия | |
| 610 | 1 | |a труды учёных ТПУ | |
| 610 | 1 | |a проектирование | |
| 610 | 1 | |a высшее образование | |
| 610 | 1 | |a техническое направление | |
| 610 | 1 | |a технические специальности | |
| 610 | 1 | |a инженерная деятельность | |
| 610 | 1 | |a международные стандарты | |
| 610 | 1 | |a национальные стандарты | |
| 686 | |a Ч484(2)72 |2 rubbk | ||
| 700 | 1 | |a Чучалин |b А. И. |c профессор Томского политехнического университета, доктор технических наук |c проректор по образовательной и международной деятельности |f 1952- |g Александр Иванович |2 stltpush |3 (RuTPU)RU\TPU\pers\22021 | |
| 712 | 0 | 2 | |a Национальный исследовательский Томский политехнический университет (ТПУ) |b Институт развития стратегического партнерства и компетенций (ИСПК) |b Кафедра инженерной педагогики (ИПед) |h 5521 |2 stltpush |3 (RuTPU)RU\TPU\col\18906 |
| 801 | 1 | |a RU |b 63413507 |c 20131024 | |
| 801 | 2 | |a RU |b 63413507 |c 20160615 |g RCR | |
| 856 | 4 | |u http://www.lib.tpu.ru/fulltext2/m/2015/m115.pdf | |
| 942 | |c CF | ||